| 000 | 00586nam a2200181 i 4500 | ||
|---|---|---|---|
| 001 | 92913 | ||
| 003 | ES-MaACL | ||
| 005 | 20230906181102.0 | ||
| 007 | t| | ||
| 008 | 050330s1962 sp ||||1| spa d | ||
| 080 | _a840.09(075.3) | ||
| 245 | 0 | 3 |
_aLa litterature française par les textes : _bpara 5º curso de bachillerato (plan 1957). |
| 260 |
_aBarcelona : _bPerrier, _c1962. |
||
| 300 |
_a253 p. : _bil. ; _c25 cm. |
||
| 594 | _aPrecede al tít.: Método Perrier de lengua francesa | ||
| 650 | 4 |
_aLiteratura francesa- _xComentario de textos. _9175628 |
|
| 852 | 4 |
_aES-MaACL _jC-22004 |
|
| 999 |
_c92913 _d92913 |
||